Google Analytics Optimizer

Vývoj informačných a komunikačných technológií a nové možnosti získavania údajov potrebných pre vedecké marketingové rozhodovanie. Jedna z doteraz málo využívaných možností získavania údajov o cieľových skupinách - analýza webu. Získavanie a analyzovanie údajov o návštevníkoch podnikovej webovej st...

Descrizione completa

Salvato in:
Dettagli Bibliografici
Autore principale: Hriciga, Andrej
Natura: Capitolo di libro
Lingua:slovacco
Soggetti:
Tags: Aggiungi Tag
Nessun Tag, puoi essere il primo ad aggiungerne!!

MARC

LEADER 00000naa$a2200000$$$4500
001 0081161
005 20240522075623.9
041 0 |a slo 
044 |a SK 
245 1 0 |a Google Analytics Optimizer  |c Andrej Hriciga 
520 |a Vývoj informačných a komunikačných technológií a nové možnosti získavania údajov potrebných pre vedecké marketingové rozhodovanie. Jedna z doteraz málo využívaných možností získavania údajov o cieľových skupinách - analýza webu. Získavanie a analyzovanie údajov o návštevníkoch podnikovej webovej stránky s využitím vybraného nástroja web analýzy. Google Analytics - nástroj patriaci dominantnému hráčovi v analýze dát webu. Možnosti Google Analytics. Testovanie s Google Optimizer. Optimalizácia textov webu. 
610 2 0 |a internet 
610 2 0 |a technológie informačné 
610 2 0 |a technológie komunikačné 
610 2 0 |a zákazníci 
610 2 0 |a marketing 
610 2 0 |a analýzy 
610 2 0 |a obchod elektronický 
610 2 0 |a informácie 
610 2 0 |a komunikácia elektronická 
100 1 |a Hriciga, Andrej